| 000 | 00688nam a2200217 a 4500 | ||
|---|---|---|---|
| 001 | 000012557 | ||
| 005 | 20240412074233.0 | ||
| 008 | 091113s1987 dr c 000 j spa d | ||
| 040 |
_aDO-SdBNP _bspa _cBNPHU |
||
| 082 |
_aRD863.44 _bM433en |
||
| 100 | 1 |
_aMatos Moquete, Manuel, _d1944- _96349 |
|
| 245 | 1 | 0 |
_aEn el atascadero / _cManuel Matos Moquete. |
| 260 |
_aSanto Domingo, : _bTaller, _c1987. |
||
| 300 |
_a266 p. : _bretrs. ; _c23 cm. |
||
| 490 | 1 |
_aBiblioteca Taller _v244 |
|
| 590 | _aInventariado, 2020/MAA | ||
| 650 | 4 |
_aNovela dominicano _929264 |
|
| 650 | 0 |
_aLiteratura dominicana. _967 |
|
| 830 | 0 |
_aBiblioteca Taller _n244 _929265 |
|
| 910 | _aValidado. Control de calidad MFF | ||
| 999 |
_c12212 _d12212 |
||